Asian Geography By Letter - Z - Statistics

General Stats
  • This quiz has been taken 4,569 times
    4,536 since last reset
  • The average score is 6 of 20
Answer Stats
Hint Answer % Correct
Number founded in India Zero
85%
Type of Buddhism common in Japan Zen
78%
46% of the world's supply of this metal comes from China Zinc
78%
Jerusalem hill synonymous with Israel Zion
64%
Province in southern Afghanistan (hint: think of country's capital) Zabul
57%
Ancient Persian religion still practiced by a very small minority {Zoroastrian}ism
56%
Mesopotamian pyramid with steps Ziggurat
37%
Capital of Henan, China Zhengzhou
29%
Chinese city named for Sun Yat-sen {Zhong}shan
26%
Subspecies of "humped" cattle common in South Asia Zebu
21%
Range between Iran and Iraq Zagros
16%
Most popular female name in Turkey Zeynep
14%
Chinese province of Hanghzou Zhejiang
14%
Ethnic group in southern China Zhuang
11%
Major city north of Macau Zhuhai
11%
Major city on the Mindanao island Zamboanga
10%
Second-biggest city of Jordan Zarqa
10%
Birthplace of Qi culture Zibo
8%
Main city of the Iranian province of Sistan and Baluchestan Zahedan
7%
Russian federal subject {Zabay}kalsky
6%
No matching quizzes found
Score Distribution
Percent of People with Each Score
Percentile by Number Answered
Your Score History
You have not taken this quiz since the last reset